Saint Joseph

Genevieve Lake, Eggleston, William Thain, Thomas Belcher, Hetvi Patel


Current Events - World25.0050%0%0%
Fine Arts - Film215.00100%50%0%
Fine Arts - Music56.0060%0%0%
Fine Arts - Opera10.000%0%0%
Fine Arts - Painting410.0075%25%0%
Fine Arts - Sculpture210.0050%50%0%
Geography - Europe10.000%0%0%
History - American412.50100%25%0%
History - Cross, Historiography, and Miscellaneous710.0086%0%14%
History - European313.33100%33%0%
History - World45.0050%0%0%
Literature - American47.5025%50%0%
Literature - British310.0067%33%0%
Literature - European410.0075%25%0%
Literature - World and Miscellaneous66.6750%17%0%
Other - Other Academic and General Knowledge412.50100%25%0%
RMP - Hebrew Bible110.00100%0%0%
RMP - New Testament215.00100%0%50%
RMP - Philosophy310.0067%33%0%
RMP - World Mythology415.00100%50%0%
Science - Astronomy110.00100%0%0%
Science - Biology87.5063%13%0%
Science - Chemistry410.0075%25%0%
Science - Computer Science215.00100%50%0%
Science - Math110.00100%0%0%
Science - Physics25.0050%0%0%
Social Science - Economics110.00100%0%0%
Social Science - Linguistics10.000%0%0%
Social Science - Other10.000%0%0%
Social Science - Psychology130.00100%100%100%
Social Science - Sociology210.00100%0%0%